000 00673nam a2200193 9 4500
001 142112
003 ES-MaACL
005 20230906200440.0
007 t|
008 071003s1937 uy ||||0| spa d
016 7 _zIND2000946497
040 _aM-BN
_bspa
_cCDM
100 1 _aWilliman, José Claudio.
_9116978
245 1 3 _aLa educación del pueblo
_b: prólogo de la Memoria de la Dirección de Enseñanza Primaria y normal correspondiente al año 1937 /
_cJosé Claudio Williman.
260 _aMontevideo :
_bA. Barreiro y Ramos,
_c1937.
300 _a170 p., 5 h :
_bil ;
_c27 cm.
650 4 _aEnseñanza primaria-
_zUruguay.
_9160301
852 _aES-MaACL
_jA-426
999 _c142112
_d142112